00729 2200253 4500001002100000005001700021008004100038020001800079035002400097082001000121090001700131100002500148245013100173250001100304260003700315300002200352500001100374650001400385700002700399850001300426980001500439985000600454999001500460YOGYA-0209000002018320090227023409.0 ind  a979-514-925-3 0010-020900000020183 a321.8 a321.8bFat P aFATAH, Eep Saefulloh aProvokasi awal abadbmembangun panca daya merebut kembali kemanusiaancoleh Eep Saefulloh Fatah; editor, Sarah Santi Saefulloh aCet. 1 aBandungbRemaja Rosdakaryac2000 axv, 91 hlmc18 cm aIndeks aDemokrasi aSAEFULLOH, Sarah Santi aYOPDYOGB a14-06-2006 a1 a01B0004048